Atrapafaltas : escritura y ortografía ii /

Guardado en:
Autor Principal: Archanco, Pamela
Otros Autores: Muñoz Lescano, Pilar
Formato: Libro
Publicado: Buenos Aires : Tinta Fresca, 2010
Materias:
Etiquetas: Agregar Etiqueta
Sin Etiquetas, Sea el primero en etiquetar este registro!
LEADER 00981nam a22002175a 4500
001 CEM.cems014956
005 20181018170604.0
008 130507s2010##################000#0#####d
003 CEMS
020 |a 9789875763913 
082 0 4 |a 468.1 
100 1 |a Archanco, Pamela 
245 1 0 |a Atrapafaltas :  |b escritura y ortografía ii /  |c Pamela Archanco y Pilar Muñoz Lescano 
260 |a Buenos Aires :  |b Tinta Fresca,  |c 2010 
300 |a 96 p. 
505 0 |a El lenguaje de la música : explicaciones detalladas -- Las distintas voces del texto : diálogos bien puntuados -- Mundos imaginarios : para narrar buenas historias -- Con los ojos puestos en el recorrido : Entre crónicas y diarios de viaje -- Opinar, pedir y reclamar por escrito : argumentos sin faltas -- Historias de vida : acentuación de palabras 
653 |a Lengua 
653 |a Escritura 
653 |a Ortografía 
700 1 |a Muñoz Lescano, Pilar 
859 |a CEMS  |b BIB. CEMS - 11 de abril  |h 468.1  |i Ar26  |p 26964.14  |t Ej.1  |v II  |3 II